Statystyki dla Top 25 Polaków z Największą ilością wygranych pieniędzy (Fortnite)

Kliknij tutaj aby rozwiązać quiz!

Ogólne statystyki

  • Ten quiz został rozwiązany 56 razy
  • Średni wynik to 11 z 25

Statystyki odpowiedzi

ZarobkiOdpowiedź% Poprawnych
490,610Setty
97%
556,075Kami
94%
73,905Kubx
94%
135,305Artor
78%
454,290Teeq
75%
48,350Mikson
59%
95,312Rakso
53%
22,575Blacha
50%
17,635Jarkos
50%
60,977Packo
50%
17.810Japko
47%
35,376Crusti
44%
47,045Pkr
44%
42,080Advise
41%
49,103Keffy
34%
11,625Purchawa
34%
14,525Kombek
31%
41,570Mlody
31%
35,375Chary
28%
38,360G13ras
22%
15,400J4ch
19%
27,821Krejz
19%
21,570Rellvis
19%
19,450Dabuel
16%
17,450Vexi
16%

Rozkład punktacji

Percentyl według liczby udzielonych odpowiedzi

Procent ludzi z każdym wynikiem

Twoja historia wyników

Nie rozwiązałeś tego quizu